000 00314nam a22001337a 4500
999 _c534278
_d534278
020 _a9789693517330
040 _cMSOHAIL
082 _a910.4
100 _aMustansar Hussain Tarar
_99703
245 _aRatti Galli / رتی گلی
260 _aLahore
_bSang-e-Meel
_cc2007
300 _a256;pxv
942 _2ddc
_cBK